| 000 | 01309 am a22003738a 4500 | ||
|---|---|---|---|
| 001 | 009053369 | ||
| 003 | EG-ScBUE | ||
| 005 | 20220323114410.0 | ||
| 008 | 981207r19981990enk f d 000 p eng d | ||
| 020 | _a0140275363 | ||
| 020 | _a9780140275360 | ||
| 040 |
_aEG-ScBUE _beng _erda _cEG-ScBUE _dEG-ScBUE |
||
| 082 | 0 | 4 |
_a883.01 _222 _bHOM |
| 100 | 0 |
_aHomer, _eauthor. _933614 |
|
| 245 | 1 | 4 |
_aThe Iliad / _cHomer ; translated by Robert Fagles ; introduction and notes by Bernard Knox. |
| 250 |
_aDeluxe edition. _breprint edition. |
||
| 264 | 1 |
_aNew York : _bPenguin Books, _c1998. |
|
| 300 |
_axvi, 683 pages ; _c24 cm. |
||
| 336 |
_2rdacontent _atext _btxt |
||
| 337 |
_2rdamedia _aunmediated _bn |
||
| 338 |
_2rdacarrier _avolume _bnc |
||
| 490 | 0 | _aPenguin classics | |
| 500 | _aThis translation originally published: New York; London: Viking, 1990. | ||
| 500 | _aIncludes glossary. | ||
| 546 | _aText in English ; translated from the original Ancient Greek. | ||
| 650 | 7 |
_aTrojan War _xPoetry. _933615 _2BUEsh |
|
| 650 | 7 |
_aEpic poetry, Greek. _933616 _2BUEsh |
|
| 651 | _2BUEsh | ||
| 653 |
_cSeptember2013 _bGGEN |
||
| 655 |
_vReading book _934232 |
||
| 700 | 1 |
_aFagles, Robert, _etranslator. _933617 |
|
| 700 | 1 |
_aKnox, Bernard, _d1914-2010, _eauthor of introduction, etc. |
|
| 942 |
_2ddc _cBB |
||
| 999 |
_c17517 _d17489 |
||